States by Favorite Ice Cream Flavor - Statistics

General Stats
  • This quiz has been taken 15 times
  • The average score is 16 of 50
Answer Stats
State
Answer % Correct
Kansas Chocolate
89%
Colorado Vanilla
78%
Louisiana Vanilla
78%
Mississippi Vanilla
78%
Missouri Vanilla
78%
Nebraska Vanilla
78%
Texas Vanilla
67%
Alabama Peach
56%
Alaska Peach
56%
Georgia Peach
56%
New Mexico Vanilla
56%
Tennessee Vanilla
56%
Wyoming Vanilla
56%
Arizona Bubble Gum
44%
Arkansas Peach
44%
Indiana Peach
44%
Kentucky Peach
44%
Hawaii Boba
33%
California Boba Tea
33%
Vermont Chocolate
33%
Massachusetts Cookie Monster
33%
Florida Mango
33%
Maine Strawberry
33%
Maryland Banana
22%
Delaware Blueberry
22%
Illinois Blue Moon
22%
Michigan Blue Moon
22%
Idaho Cherry
22%
Minnesota Cookie Monster
22%
Montana Huckleberry
22%
New Jersey Mint Chocolate Chip
22%
North Carolina Peach
22%
South Carolina Peach
22%
Virginia Peach
22%
Connecticut Peaches and Cream
22%
Iowa Rocky Road
22%
Nevada Strawberry Shortcake
22%
New Hampshire Black Raspberry
11%
Washington Spumoni
11%
New York Black Raspberry
0%
Ohio Blue Moon
0%
Wisconsin Blue Moon
0%
South Dakota Butter Brickle
0%
North Dakota Coconut Milk
0%
Pennsylvania Milky Way
0%
Oklahoma Neapolitian
0%
Rhode Island Neapolitian
0%
West Virginia Rocky Road
0%
Oregon Spumoni
0%
Utah Spumoni
0%
No matching quizzes found
Score Distribution
Percent of People with Each Score
Percentile by Number Answered
Your Score History
You have not taken this quiz